Statistiken für Songtitel Synonyme

Klicken Sie hier um das Quiz zu spielen!

Allgemein

  • Dieses Quiz wurde 1.522 mal gespielt
  • Das Durchschnittsergebnis liegt bei 11 aus 20

Antwortstatistiken

SynonymInterpretAntwort% Korrekt
Übler BengelBillie EilishBad Guy
89%
Korpus von dirEd SheeranShape of you
89%
Auffallende BeleuchtungThe WeekndBlinding Lights
87%
Fernsprech mich gegebenenfalls anCarly Rae JepsenCall me maybe
87%
Rüttel es fortTaylor SwiftShake it Off
87%
Party PrimatTones and IDance Monkey
71%
Faule AffäreLady GagaBad Romance
68%
Abzüglich mirEminemWithout Me
64%
Nichts anderes sagt ausMetallicaNothing else matters
61%
Gesamt über den KontrabassMeghan TrainorAll about that Bass
55%
MajestätenLordeRoyals
51%
Sämtliche Luftzüge, die du leistestThe PoliceEvery Breath you take
47%
Himmelskörper betrachtenOneRepublicCounting Stars
44%
Ledige WeiblichkeitBeyoncéSingle Ladies
44%
Wir sind unmündigFunWe are young
34%
AbbrausenMichael JacksonBeat It
31%
EvangeleImagine DragonsBeliever
29%
Romanze im HirnRihannaLove on the Brain
18%
Garstige PartnerschaftSoft CellTainted Love
17%
Mukke für ein Wasserlebewesen-GasthausHarry StylesMusic for a Sushi Restaurant
16%

Verteilung der Resultate

Perzentil nach korrekt beantworteten Fragen

Anzahl Personen mit jedem Resultat

Ihre Resultats-Entwicklung

Sie haben dieses Quiz noch nicht gespielt